| 000 | 00799nam a22002177a 4500 | ||
|---|---|---|---|
| 999 |
_c11798 _d11798 |
||
| 005 | 20251125232832.0 | ||
| 008 | s2542 th tha d | ||
| 020 | _a9748708993 | ||
| 040 | _aNALT | ||
| 041 | _atha | ||
| 050 | _aDS578.32 ก234ค 2542 | ||
| 100 | 0 | _aรังสรรค์ หนองสองห้อง | |
| 245 | 1 | 0 | _aความสำเร็จง่าย ๆ สไตล์หมอกระแส [2nd] |
| 260 | 3 |
_aขอนแก่น : _bสองรัฐ, _c2542 |
|
| 300 |
_a171 หน้า : _b ภาพประกอบ ; _c 21 ซม. |
||
| 650 | 0 | 4 | _aกระแส ชนะวงศ์ -- ชีวประวัติ |
| 850 | _aNALT | ||
| 856 | 4 | 0 |
_uhttps://hdl.handle.net/20.500.14156/417815 _71 |
| 942 |
_cGB _2lcc |
||